| 000 | 00727nam a22003017a 4500 | ||
|---|---|---|---|
| 005 | 20240719152254.0 | ||
| 008 | 211123b1998 CR ||||| |||| 00| 0 spa d | ||
| 020 | _a9968702145 | ||
| 041 | _aESP | ||
| 082 | _a584.85 M828g | ||
| 100 |
_aMorales Quiros, Juan Francisco _9887 |
||
| 245 | _aGuía de bromelias de Costa Rica | ||
| 260 | _aCosta Rica | ||
| 260 | _bINBio | ||
| 260 | _c1998 | ||
| 300 | _a180 páginas | ||
| 505 | _aIncluye ilustraciones | ||
| 650 | _aBROMELIAS | ||
| 650 | _aCOSTA RICA | ||
| 650 | _aFLORA | ||
| 650 | _aPLANTAS | ||
| 650 | _aTAXONOMÍA VEGETAL | ||
| 650 | _aMORFOLOGÍA DE LAS PLANTAS | ||
| 650 | _aBIODIVERSIDAD | ||
| 650 | _aECOLOGÍA | ||
| 942 |
_cBK _2ddc |
||
| 999 |
_c13173 _d13173 |
||